Hán Việt từ điển /
Bewaard in:
| Hoofdauteur: | |
|---|---|
| Formaat: | Sách giấy |
| Taal: | Korean Vietnamese |
| Gepubliceerd in: |
Sài Gòn :
Khai trí,
1960.
|
| Tags: |
Voeg label toe
Geen labels, Wees de eerste die dit record labelt!
|
| Thư viện lưu trữ: | Thư viện Trường Đại học Đà Lạt |
|---|
| LEADER | 00608nam a2200265 4500 | ||
|---|---|---|---|
| 001 | DLU020004201 | ||
| 005 | ##19990601 | ||
| 040 | # | # | |a DLU |b vie |
| 041 | # | # | |a kor |a vie |
| 044 | # | # | |a vn |
| 082 | # | # | |a 495.139 592 2 |b NG-K |
| 100 | # | # | |a Nguyễn Văn Khôn. |
| 245 | # | # | |a Hán Việt từ điển / |c Nguyễn Văn Khôn. |
| 260 | # | # | |a Sài Gòn : |b Khai trí, |c 1960. |
| 300 | # | # | |a 1161 tr. ; |c 22 cm. |
| 992 | # | # | |a 23000 |
| 994 | # | # | |a DLU |
| 998 | # | # | |a TK |
| 900 | # | # | |a False |
| 911 | # | # | |a Administrator |
| 925 | # | # | |a G |
| 926 | # | # | |a A |
| 927 | # | # | |a SH |
| 980 | # | # | |a Thư viện Trường Đại học Đà Lạt |